Statistiken für Länder in alphabetischer Reihenfolge mit einer Karte

Klicken Sie hier um das Quiz zu spielen!

Allgemein

  • Dieses Quiz wurde 615 mal gespielt
    (430 seit der letzten Aktualisierung)
  • Das Durchschnittsergebnis liegt bei 90 aus 196

Antworten auf der Karte

Die Antworten werden auf der Karte rot bzw. grün angezeigt, abhängig davon wie oft sie richtig erraten wurden.
 

Antwortstatistiken

Land% Korrekt
Afghanistan
96%
Albanien
85%
Ägypten
80%
Andorra
78%
Angola
78%
Armenien
77%
Algerien
75%
Antigua und Barbuda
75%
Argentinien
75%
Aserbaidschan
73%
Bangladesch
72%
Australien
71%
Bahamas
71%
Bahrain
71%
Belgien
71%
Belize
70%
Äthiopien
68%
Dänemark
68%
Chile
67%
China
67%
Deutschland
66%
Barbados
64%
Benin
63%
Bhutan
63%
Brasilien
63%
Burundi
63%
Costa Rica
63%
Äquatorial-Guinea
62%
Frankreich
62%
Botswana
61%
Dominikanische Republik
61%
Eritrea
61%
Estland
61%
Finnland
61%
Bolivien
60%
Bosnien und Herzegowina
60%
Brunei
60%
Bulgarien
60%
Dominica
60%
Dschibuti
60%
Fidschi
60%
Ecuador
58%
Burkina Faso
57%
Gabun
57%
Guinea
56%
Guinea-Bissau
55%
Honduras
55%
Gambia
54%
Haiti
54%
Island
54%
Georgien
53%
Griechenland
53%
Indien
53%
Irak
53%
Iran
53%
Irland
53%
Italien
53%
Jemen
53%
Belarus
52%
Ghana
52%
Indonesien
52%
Japan
52%
Elfenbeinküste
51%
El Salvador
51%
Grenada
51%
Guyana
51%
Jamaika
51%
Jordanien
51%
Zypern
51%
Demokratische Republik Kongo
49%
Eswatini
49%
Föderierte Staaten von Mikronesien
49%
Kamerun
49%
Kanada
49%
Kasachstan
49%
Kenia
49%
Guatemala
48%
Israel
48%
Katar
46%
Kirgisistan
46%
Kolumbien
46%
Laos
46%
Litauen
46%
Vereinigtes Königreich
46%
vereinigte staaten
46%
Kambodscha
45%
Lettland
45%
Vietnam
45%
Zentralafrikanische Republik
45%
Liberia
44%
Liechtenstein
44%
Venezuela
44%
Kiribati
43%
Lesotho
43%
Libyen
43%
Vatikanstadt
43%
Kosovo
42%
Kroatien
42%
Madagaskar
42%
Usbekistan
42%
Vanuatu
42%
Kap Verde
41%
Kuba
41%
Kuwait
41%
Mali
41%
Mauretanien
41%
Uruguay
41%
Komoren
40%
Libanon
40%
Luxemburg
40%
Malawi
40%
Malediven
40%
Malta
40%
Mauritius
40%
Oman
40%
Vereinigte Arabische Emirate
40%
Malaysia
39%
Nauru
39%
Österreich
39%
Polen
39%
Ukraine
39%
Marokko
38%
Pakistan
38%
Palau
38%
Portugal
38%
Russland
38%
Ungarn
38%
Mexiko
37%
Mosambik
37%
Niederlande
37%
Norwegen
37%
Peru
37%
Rumänien
37%
Türkei
37%
Turkmenistan
37%
Uganda
37%
Nordkorea
36%
Osttimor
36%
Paraguay
36%
Philippinen
36%
Tunesien
36%
Mongolei
35%
Montenegro
35%
Namibia
35%
Nicaragua
35%
Ruanda
35%
St. Lucia
35%
St. Vincent und die Grenadinen
35%
Sudan
35%
Tschad
35%
Myanmar
34%
Nepal
34%
Neuseeland
34%
Niger
34%
Nigeria
34%
Papua Neu-Guinea
34%
Sambia
34%
Schweden
34%
Schweiz
34%
Senegal
34%
Serbien
34%
Seychellen
34%
Spanien
34%
St. Kitts und Nevis
34%
Südsudan
34%
Tadschikistan
34%
Tansania
34%
Thailand
34%
Tonga
34%
Moldawien
33%
Monaco
33%
Togo
33%
Tschechien
33%
Panama
32%
Slowakei
32%
Slowenien
32%
Somalia
32%
Südafrika
32%
Südkorea
32%
Salomonen
31%
San Marino
31%
Saudi-Arabien
31%
Sri Lanka
31%
Syrien
31%
Samoa
30%
Singapur
30%
Taiwan
30%
Nordmazedonien
29%
Simbabwe
29%
Marshallinseln
28%
Republik Kongo
28%
São Tomé und Príncipe
28%
Sierra Leone
28%
Suriname
28%
Tuvalu
28%
Trinidad und Tobago
25%

Verteilung der Resultate

Perzentil nach korrekt beantworteten Fragen

Anzahl Personen mit jedem Resultat

Ihre Resultats-Entwicklung

Sie haben dieses Quiz seit der letzten Aktualisierung nicht gespielt